[Event "ITA-ch Regionale Lombardia Seniores"]
[Site "Robecchetto"]
[Date "2012.12.27"]
[Round "1"]
[White "Carbone, Lorenzo"]
[Black "Ferri, Antonio"]
[Result "0-1"]
[WhiteElo "1745"]
[BlackElo "1536"]
[PlyCount "74"]
[EventDate "2012.12.27"]
[EventType "swiss"]
[EventRounds "6"]
[EventCountry "ITA"]
[SourceTitle "EXT 2024"]
[Source "ChessBase"]
[SourceDate "2023.10.10"]
[SourceVersion "1"]
[SourceVersionDate "2023.10.10"]
[SourceQuality "1"]

1. e4 d6 2. d4 Nf6 3. Bd3 c6 4. Nf3 Nbd7 5. 0-0 e5 6. c3 b5 7. h3 a5 8. Be3 Ba6 9. Nbd2 Be7 10. Nh4 b4 11. Bxa6 Rxa6 12. Nf5 0-0 13. Qf3 exd4 14. cxd4 c5 15. Qg3 Nh5 16. Qf3 Nhf6 17. Rac1 Re8 18. Nxe7+ Qxe7 19. dxc5 dxc5 20. Qe2 Raa8 21. f3 Rec8 22. Nc4 a4 23. Rfd1 Rc6 24. Rd3 Ne5 25. Nxe5 Qxe5 26. Rcd1 Re8 27. R3d2 c4 28. Bd4 Qe6 29. Bxf6 Qxf6 30. Rc1 Qe6 31. Rd5 c3 32. bxc3 Rxc3 33. Rxc3 bxc3 34. Qd3 Qb6+ 35. Kh2 Qc7+ 36. g3 c2 37. Qb5 Rc8 0-1

[Event "Villa Guardia D Oro Cup 30th"]
[Site "Villa Guardia"]
[Date "2012.11.01"]
[Round "1"]
[White "Aldeghi, Damiano"]
[Black "Carbone, Lorenzo"]
[Result "0-1"]
[WhiteElo "1405"]
[BlackElo "1749"]
[PlyCount "74"]
[EventDate "2012.11.01"]
[EventType "swiss"]
[EventRounds "6"]
[EventCountry "ITA"]
[SourceTitle "EXT 2014"]
[Source "ChessBase"]
[SourceDate "2013.11.20"]
[SourceVersion "1"]
[SourceVersionDate "2013.11.20"]
[SourceQuality "1"]

1. e4 c5 2. Nf3 d6 3. d4 cxd4 4. Nxd4 Nf6 5. Nc3 a6 6. Be2 e6 7. 0-0 Be7 8. Re1 0-0 9. a3 b5 10. Bf3 Bb7 11. e5 Bxf3 12. Qxf3 dxe5 13. Qxa8 exd4 14. Ne4 Qb6 15. Nxf6+ Bxf6 16. Qe4 Nc6 17. Rb1 b4 18. a4 Ne5 19. Bf4 Ng6 20. Rbd1 b3 21. Bg3 bxc2 22. Qxc2 Qb7 23. Rc1 e5 24. Qc6 Qxb2 25. Qxa6 e4 26. Rb1 Qc2 27. Qb5 d3 28. Qb3 Qc6 29. Qb5 Qc2 30. Rxe4 d2 31. Qf1 Qxe4 32. a5 h5 33. h3 Re8 34. f3 Bd4+ 35. Kh1 Qe2 36. Qd1 Qxd1+ 37. Rxd1 h4 0-1

[Event "Codogno op-B 4th"]
[Site "Codogno"]
[Date "2012.09.23"]
[Round "5"]
[White "Carbone, Lorenzo"]
[Black "Losi, Paolo"]
[Result "1/2-1/2"]
[WhiteElo "1737"]
[BlackElo "1742"]
[PlyCount "93"]
[EventDate "2012.09.21"]
[EventType "swiss"]
[EventRounds "5"]
[EventCountry "ITA"]
[SourceTitle "EXT 2016"]
[Source "ChessBase"]
[SourceDate "2015.10.08"]
[SourceVersion "1"]
[SourceVersionDate "2015.10.08"]
[SourceQuality "1"]

1. e4 c5 2. Nf3 Nc6 3. d4 cxd4 4. Nxd4 e6 5. Be3 a6 6. a3 Nf6 7. Nc3 Be7 8. Be2 d6 9. 0-0 Nxd4 10. Bxd4 Qc7 11. Qe1 Bd7 12. f4 e5 13. fxe5 dxe5 14. Be3 Bc6 15. Bf3 b5 16. Qg3 Rg8 17. Qf2 Rb8 18. Rad1 b4 19. axb4 Rxb4 20. b3 Rb8 21. Be2 Bb4 22. Nd5 Bxd5 23. exd5 a5 24. Bc4 a4 25. Qe2 a3 26. Bd4 Bd6 27. Rf5 Nd7 28. Bc3 g6 29. Rf3 f5 30. Bb5 Qc5+ 31. Kh1 Qxb5 32. Qf2 Nf6 33. Qh4 Kf7 34. Re1 Qxd5 35. Rd3 Qc5 36. Red1 Be7 37. b4 Qc6 38. Bxe5 Nh5 39. Rd7 Rge8 40. Bxb8 Qxc2 41. Re1 Nf6 42. Bd6 Qc3 43. Bxe7 Nxd7 44. Qxh7+ Qg7 45. Qh4 Qc3 46. Qh7+ Qg7 47. Qh4 1/2-1/2

[Event "Codogno op-B 4th"]
[Site "Codogno"]
[Date "2012.09.23"]
[Round "4"]
[White "Giuria, Abramo"]
[Black "Carbone, Lorenzo"]
[Result "1/2-1/2"]
[WhiteElo "1717"]
[BlackElo "1737"]
[PlyCount "83"]
[EventDate "2012.09.21"]
[EventType "swiss"]
[EventRounds "5"]
[EventCountry "ITA"]
[SourceTitle "EXT 2016"]
[Source "ChessBase"]
[SourceDate "2015.10.08"]
[SourceVersion "1"]
[SourceVersionDate "2015.10.08"]
[SourceQuality "1"]

1. e4 c5 2. Nc3 Nc6 3. f4 e6 4. Nf3 Be7 5. Bc4 a6 6. a3 b5 7. Ba2 Bb7 8. d3 b4 9. Ne2 d5 10. exd5 exd5 11. d4 Nf6 12. 0-0 0-0 13. Ne5 cxd4 14. Nxc6 Bxc6 15. Nxd4 Bb7 16. axb4 Bxb4 17. c3 Bc5 18. Kh1 Re8 19. f5 a5 20. Bg5 h6 21. Bh4 Re4 22. Bxf6 Qxf6 23. Nf3 Rd8 24. Bb1 Ba6 25. Bd3 Bxd3 26. Qxd3 Bb6 27. Qc2 Rde8 28. Rae1 Rxe1 29. Rxe1 Rxe1+ 30. Nxe1 Bc7 31. Nf3 Qd6 32. g3 Bb6 33. Kg2 Qc5 34. Nd4 Qc8 35. Qd3 Bxd4 36. cxd4 a4 37. g4 Qc4 38. Qe3 Qc2+ 39. Qf2 Qe4+ 40. Kg3 Qd3+ 41. Kg2 Qe4+ 42. Kg3 1/2-1/2